Classification theory : proceedings of the U.S.-Israel Workshop on Model Theory in Mathematical Logic held in Chicago, Dec. 15-19, 1985
Αποθηκεύτηκε σε:
| Συγγραφή απο Οργανισμό/Αρχή: | |
|---|---|
| Άλλοι συγγραφείς: | |
| Μορφή: | Πρακτικό Συνεδρίου Βιβλίο |
| Γλώσσα: | English |
| Δημοσίευση: |
Berlin : New York :
Springer-Verlag,
c1987
|
| Σειρά: | Lecture notes in mathematics (Springer-Verlag)
; 1292 |
| Θέματα: | |
| Ετικέτες: |
Προσθήκη ετικέτας
Δεν υπάρχουν, Καταχωρήστε ετικέτα πρώτοι!
|
MARC
| LEADER | 00000cam a2200000 i 4500 | ||
|---|---|---|---|
| 001 | 1/27547 | ||
| 008 | 941103s1987 eng d | ||
| 020 | |a 3540186743 | ||
| 020 | |a 0387186743 | ||
| 035 | |l 10037851 | ||
| 040 | |a GR-MY-UA |b gre |e aacr | ||
| 041 | 0 | |a eng | |
| 082 | 0 | |a 511.8 |2 (20) | |
| 111 | 2 | |a U.S.-Israel Workshop on Model Theory in Mathematical Logic |d (1985 : |c Chicago, Ill.) | |
| 245 | 1 | 0 | |a Classification theory : |b proceedings of the U.S.-Israel Workshop on Model Theory in Mathematical Logic held in Chicago, Dec. 15-19, 1985 / |c J.T. Baldwin (ed.) |
| 260 | |a Berlin : |a New York : |b Springer-Verlag, |c c1987 | ||
| 300 | |a 500 p.; |b ill.; |c 25 cm | ||
| 490 | 1 | |a Lecture notes in mathematics (Springer-Verlag) |v ; 1292 | |
| 504 | |a Includes bibliographical references | ||
| 650 | 0 | 0 | |a Model theory |x Congresses. |
| 700 | 1 | |a Baldwin, John T. |e edt | |
| 830 | 0 | |a Lecture notes in mathematics (Springer-Verlag) |v ; 1292 | |
| 852 | |a INST |b SAMOS |e 19941103 |h 511.8 USI |p 005300007561 |q 005300007561 |t BK |y 0 | ||
| 909 | |a Σ |b 029154 | ||